|
|
|
|
| LEADER |
02054nam a22004457a 4500 |
| 001 |
mzk03001176276 |
| 003 |
CZ BrMZK |
| 005 |
20260516183033.0 |
| 007 |
ta |
| 008 |
090818s1587 be ||||fr|||||00||||lat|d |
| 040 |
|
|
|a BOA001
|b cze
|c BOA001
|d BOE950
|
| 072 |
|
7 |
|a 2-1
|x Přirozená teologie. Náboženská filozofie
|2 Konspekt
|9 5
|
| 072 |
|
7 |
|a 094
|x Staré tisky
|2 Konspekt
|9 12
|
| 080 |
|
|
|a 2-1
|2 MRF
|
| 080 |
|
|
|a 025.171
|2 MRF
|
| 080 |
|
|
|a (0.068)094
|2 MRF
|
| 100 |
0 |
|
|a Lactantius Placidus,
|d činný 6. století
|7 ola2002158756
|4 aut
|
| 245 |
1 |
0 |
|a L. Coelii Lactantii Firmiani Divinarum institutionum libri VII. :
|b De ira Dei, lib. 1. De opificio Dei, lib. 1. Epitome in libros suos, ... Carmina ... Phoenix incerti auctoris. Venantij Honorij Clementiani Fortunati ... carmen de Pascha. Inceri auctoris carmen de passione /
|c L. Coelii Lactantii Firmiani ; Omnia Studio Michaelis Thomasii emendata, ... Index ...
|
| 246 |
3 |
0 |
|a Divinarum institutionum libri VII.
|
| 260 |
|
|
|a Antverpiae :
|b Ex officina Christophori Plantini, Architypographi Regij,
|c 1587
|
| 300 |
|
|
|a [15], 560, [88] s. ;
|c 8°
|
| 500 |
|
|
|a Výzdoba: Signet, iniciály
|
| 510 |
4 |
|
|a Dokoupil, V. Soupisy tisků 16. století z fondů Universitní knihovny v Brně, sv. 2 Tisky ... v Rajhradě;
|c 660
|
| 561 |
|
|
|a Provenience: Rajhradské znakové exlibris
|
| 561 |
|
|
|a Provenience: [m.p.] C Loci Capucinorum Nicolpurgensium
|
| 563 |
|
|
|a Papírová vazba
|
| 650 |
0 |
7 |
|a teologie
|7 ph116425
|2 czenas
|
| 650 |
|
7 |
|a historické knihovní fondy
|7 ph172933
|2 czenas
|
| 655 |
|
7 |
|a staré tisky
|7 fd422076
|2 czenas
|
| 700 |
1 |
|
|a Thomas, Michael
|4 edt
|
| 856 |
4 |
1 |
|u https://imageserver.mzk.cz/mzk03/001/176/276/328100200875.titul
|y Digitalizovaný dokument
|
| 903 |
|
|
|a RP
|
| 910 |
|
|
|e BOE950
|c R - A. I. d. 15
|
| 978 |
|
|
|b Plantin, Christoph
|a Antwerpen
|c 1587
|
| 984 |
|
|
|a Antverpy
|b Belgie
|
| 985 |
|
|
|a 1551-1600
|
| 990 |
|
|
|a BK
|
| 996 |
|
|
|e BOE950
|c R - A. I. d. 15
|
| 991 |
|
|
|k rajhrad
|
| 980 |
|
|
|c 200875
|g R - A. I. d. 15
|d 20090819
|t 5
|j ?
|1 328100200875
|n J
|z PA
|v V
|p inv. č. 320
|